The effect of planing variables on surface texture of meranti

Bibliographic Details
Main Author: HO
Corporate Author: Institut Penyelidikan Perhutanan Malaysia (FRIM)
Format: Book
Published: Kuala Lumpur : Institut Penyelidikan Perhutanan Malaysia , 1995
Series:Research pamphlet ; no. 117
Subjects:

MARC

LEADER 00000cam a2200000 7i4500
001 0000003065
005 20040427.0
090 0 0 |a RP634.973   |b HO 1995 
100 1 0 |a HO   |h Kam Seng 
245 1 4 |a The effect of planing variables on surface texture of meranti   |c Ho Kam Seng 
260 0 0 |a Kuala Lumpur :   |b Institut Penyelidikan Perhutanan Malaysia ,   |c 1995 
300 |a 25 p. :   |b ill. ;   |c 30 cm. 
440 0 0 |a Research pamphlet ; no. 117 
650 0 0 |a Meranti 
650 0 0 |a Shorea 
710 1 1 |a Institut Penyelidikan Perhutanan Malaysia (FRIM) 
998 |a JPSM 
999 |a 0000005396   |b Monograph   |c Open Shelf   |e Default branch 
999 |a 0000005397   |b Monograph   |c Open Shelf   |e Default branch 
999 |a 0000005398   |b Monograph   |c Open Shelf   |e Default branch